01227nam a22002897a 4500999001700000003000900017005001700026008004100043020003600084040004300120082002300163100003800186245005400224264003100278300005900309336002600368337002800394338002700422504005100449650003300500653002200533655001700555700004200572942001200614952016200626952014900788 c11672d11672EG-ScBUE20201010115420.0090528s2007 gw a f b 001 0 eng d a9783540241669 (acid-free paper) aEG-ScBUEbengerdacEG-ScBUEdEG-ScBUE04a572.80285bPOL2221 aPolanski, Andrzej,eauthor.95544 aBioinformatics /cAndrzej Polanski, Marek Kimmel. 1aBerlin :bSpringer,c2007. axvii, 376 pages :billustrations (some color) ;c25 cm 2rdacontentatextbtxt 2rdamediaaunmediatedbn 2rdacarrieravolumebnc aIncludes bibliographical references and index. 7aBioinformatics.2BUEsh95545 bGGENcOctober2020 vReading book aKimmel, Marek, d1959-eauthor.95546 2ddccBB 00102ddc40708AlahramaMAINbMAINc1STd2009-05-28epurchaseg399.00h374l5m1o572.80285 POLp000016531r2025-07-15 00:00:00s2020-02-12w2009-05-28yBB 00102ddc40708BaccahaMAINbMAINc1STd2020-10-10ePurchasel1m19o572.80285 POLp000049943r2025-07-15 00:00:00s2024-02-22w2020-10-10yBB